| 000 | 02616cam a22004094a 4500 | ||
|---|---|---|---|
| 001 | 10684534 | ||
| 003 | ARRUPE | ||
| 005 | 20150528111618.0 | ||
| 006 | m d | ||
| 007 | cr n | ||
| 008 | 050517s2005 ncu sb 001 0 eng d | ||
| 020 | _a0822335581 (cloth : alk. paper) | ||
| 020 | _a0822335964 (pbk. : alk. paper) | ||
| 035 | _a(WaSeSS)ssj0000394784 | ||
| 040 |
_aDLC _cDLC _dDLC _dWaSeSS |
||
| 043 |
_ae-uk--- _af------ _an------ |
||
| 050 | 4 |
_aHT1162 _b.B38 2005 |
|
| 082 | 0 | 0 |
_a306.3/62 _222 |
| 100 | 1 |
_aBaucom, Ian, _d1967- _917523 |
|
| 210 | 1 | 0 | _aSpecters of the Atlantic |
| 245 | 1 | 0 |
_aSpecters of the Atlantic _h[electronic resource] : _bfinance capital, slavery, and the philosophy of history / _cIan Baucom. |
| 260 |
_aDurham : _bDuke University Press, _c2005. |
||
| 504 | _aIncludes bibliographical references (p. [336]-376) and index. | ||
| 505 | 0 | _a"Now being" : slavery, speculation, and the measure of our time -- Liverpool, a capital of the long twentieth century -- "Subject $" : or, the "type" of the modern -- "Madam death! madam death!" : credit, insurance, and the Atlantic cycle of capital accumulation -- "Signum rememorativum, demonstrativum, prognostikon" : modernity and the truth event -- "Please decide" : the singular and the speculative -- Specters of the Atlantic : slavery and the witness -- Frontispiece : testimony, rights, and the state of exception -- The view from the window : sympathy, melancholy, and the problem of "humanity" -- The fact of history : on cosmopolitan interestedness -- The imaginary resentment of the dead : a theory of melancholy sentiment -- "To tumble into it, and gasp for breath as we go down" : the idea of suffering -- And the case of liberal cosmopolitanism -- This/such, for instance : the witness against "history" -- "The sea is history" -- "The sea is history" : on temporal accumulation. | |
| 506 | _aLicense restrictions may limit access. | ||
| 610 | 2 | 0 |
_aZong (Ship) _917524 |
| 650 | 0 |
_aSlave trade _zGreat Britain _xHistory _y18th century. _917525 |
|
| 650 | 0 |
_aSlave trade _zAfrica _xHistory _y18th century. _917526 |
|
| 650 | 0 |
_aSlave trade _zAmerica _xHistory _y18th century. _917527 |
|
| 650 | 0 |
_aAntislavery movements _zGreat Britain _xHistory _y18th century. _913449 |
|
| 650 | 0 |
_aAbolitionists _zGreat Britain _xHistory _y18th century. _917528 |
|
| 650 | 0 |
_aTrials _zGreat Britain _xHistory _y18th century. _917529 |
|
| 650 | 0 |
_aCapitalism _xSocial aspects _xHistory _y18th century. _917530 |
|
| 773 | 0 | _te-Duke Books Scholarly Collection Backlist | |
| 910 | _aLibrary of Congress record | ||
| 942 |
_2lcc _cMONOGRAPH |
||
| 999 |
_c122763 _d122763 |
||